000 00720nam a2200193Ia 4500
003 GCL
008 140319s9999 xx 000 0 ara d
040 _aGCL /
_cGCL
082 0 4 _a961.202
_bم غ
100 1 _aمحمد سيد كيلانى
245 1 0 _aالغزو الايطالى على ليبيا والمقالات التى كتبت فى الصحف المصرية ما بين 1911 - 1917 /
_cمحمد سيد كيلانى
490 _aكتاب
_v0
650 0 4 _aليبيا
650 0 4 _aالاستعمار فى البلاد العربية
650 0 4 _aالصحف المصرية
650 0 4 _aالاحتلال الايطالى
650 0 4 _aليبيا - تاريخ - العصر الحديث
942 _2ddc
_cBK
999 _c41004
_d41004